Sports Quiz

Random Sports or Soccer Quiz

Most Premier League Losses Quiz Stats

 Plays Quiz Updated May 14, 2018

Challenge
Share
Tweet
Embed
Score 0/10 Timer 03:00
12 Plays Today
Losses Club % Correct
351Everton
88.6%
257Manchester City
87%
246Liverpool
87%
323Newcastle United
84.7%
322Tottenham Hotspur
83.3%
296Sunderland
83.2%
333Aston Villa
80.9%
348West Ham United
76.4%
303Southampton
63.9%
250Blackburn Rovers
54.3%

You're not logged in!

Compare scores with friends on all Sporcle quizzes.
OR
Log In

You Might Also Like...

Show Comments

Extras

Top Quizzes Today


Score Distribution

Your Account Isn't Verified!

In order to create a playlist on Sporcle, you need to verify the email address you used during registration. Go to your Sporcle Settings to finish the process.

Report this User

Report this user for behavior that violates our Community Guidelines.

Details: